5HLuxD.jpg

KING HENRY VIII SENIOR AND PRIMARY SCHOOL LIBRARY OPAC

Cambridge IGCSE and O Level Additional Mathematics : (Record no. 4278)

000 -LEADER
fixed length control field 01216nam a22002177a 4500
003 - CONTROL NUMBER IDENTIFIER
control field OSt
005 - DATE AND TIME OF LATEST TRANSACTION
control field 20250204155135.0
008 - FIXED-LENGTH DATA ELEMENTS--GENERAL INFORMATION
fixed length control field 250204b ||||| |||| 00| 0 eng d
020 ## - INTERNATIONAL STANDARD BOOK NUMBER
International Standard Book Number 9781316605646
040 ## - CATALOGING SOURCE
Transcribing agency KH8
082 ## - DEWEY DECIMAL CLASSIFICATION NUMBER
Classification number 510 PEM
100 ## - MAIN ENTRY--PERSONAL NAME
Personal name Pemberton, Sue,
Relator term author.
245 ## - TITLE STATEMENT
Title Cambridge IGCSE and O Level Additional Mathematics :
Remainder of title Coursebook /
Statement of responsibility, etc. Sue Pemberton.
260 ## - PUBLICATION, DISTRIBUTION, ETC.
Place of publication, distribution, etc. United Kingdom ;
Name of publisher, distributor, etc. Cambridge University Press ,
Date of publication, distribution, etc. 2016.
300 ## - PHYSICAL DESCRIPTION
Extent x, 454 pages :
Other physical details color illustrations ;
Dimensions 28 cm.
500 ## - GENERAL NOTE
General note Includes index.
520 ## - SUMMARY, ETC.
Summary, etc. These resources have been created for the Cambridge IGCSE® and O Level Additional Mathematics syllabuses (0606/4037). This coursebook is for students and teachers following the Cambridge IGCSE® and O Level Additional Mathematics (0606/4037) syllabuses. It takes a practice-based approach, with explanations of mathematical concepts followed by exercises for students to practice the skills required and give them the confidence to apply them. The book contains classroom discussion exercises, extra challenge questions and examples of worked solutions.
650 ## - SUBJECT ADDED ENTRY--TOPICAL TERM
Topical term or geographic name entry element Mathematics
Form subdivision Coursebook
650 ## - SUBJECT ADDED ENTRY--TOPICAL TERM
Topical term or geographic name entry element Mathematics
Form subdivision problems & solutions
942 ## - ADDED ENTRY ELEMENTS (KOHA)
Source of classification or shelving scheme
Koha item type Books - Non Ficton

No items available.

Powered By KH8 IT Dept